| 000 | 00907nam a2200289 i 4500 | ||
|---|---|---|---|
| 003 | EG-GICUC | ||
| 005 | 20260126185651.0 | ||
| 008 | 260126s1982 -uk |fr|||| 001 0 eng d | ||
| 040 |
_aEG-GiCUC _beng _cEG-GiCUC _dEG-GiCUC _erda |
||
| 041 | 0 | _aeng | |
| 082 | 0 | 4 |
_221 _a341.81 _bMA . N |
| 092 | 0 | 4 | _221 |
| 099 | _aLaw1 12 341.81 MA . N 1982 | ||
| 100 | 1 |
_a Macdonald, Ian A _eAuthor. |
|
| 245 | 0 | 4 |
_aThe New Nationality Law / _c Ian A Macdonald, Ma, Llb, And Nicholas Blake, Ba. |
| 264 | 1 |
_aLondon : _bButterworths, _c1982. |
|
| 300 |
_a208 pages, _c24 cm |
||
| 336 |
_2rda content _atext |
||
| 337 |
_2rda media _aComputer |
||
| 338 |
_2rda carrier _aOnline Resource |
||
| 546 | _aText in English | ||
| 650 | 1 | 4 | _aPrivate international law |
| 700 | 1 |
_aBlake , Nicholas _ejoint author. |
|
| 856 | 4 | 0 | _uhttps://fll.law.cu.edu.eg/fulltext/bks/B12-01785.pdf |
| 905 | _a48 | ||
| 942 |
_2ddc _cBK _e21 _n0 |
||
| 999 |
_c59522 _d59522 |
||